<?xml version="1.0" encoding="UTF-8"?>
<record
    xmlns:xsi="http://www.w3.org/2001/XMLSchema-instance"
    xsi:schemaLocation="http://www.loc.gov/MARC21/slim http://www.loc.gov/standards/marcxml/schema/MARC21slim.xsd"
    xmlns="http://www.loc.gov/MARC21/slim">

  <leader>02029nab a2200253uuc4500</leader>
  <controlfield tag="001">1394050</controlfield>
  <controlfield tag="005">20260225100916.0</controlfield>
  <controlfield tag="008">141201s2014                             </controlfield>
  <datafield tag="035" ind1=" " ind2=" ">
    <subfield code="a">1394050</subfield>
  </datafield>
  <datafield tag="040" ind1=" " ind2=" ">
    <subfield code="c">comduadb</subfield>
  </datafield>
  <datafield tag="100" ind1="1" ind2="0">
    <subfield code="a">Tenjo Galarza, Jaime</subfield>
    <subfield code="4">aut</subfield>
    <subfield code="e">aut</subfield>
    <subfield code="9">371300</subfield>
  </datafield>
  <datafield tag="245" ind1="1" ind2="0">
    <subfield code="a">Duraci&#xF3;n, probabilidad e incidencia del desempleo en Colombia</subfield>
  </datafield>
  <datafield tag="260" ind1=" " ind2=" ">
    <subfield code="c">2014.</subfield>
  </datafield>
  <datafield tag="520" ind1="3" ind2=" ">
    <subfield code="a">RESUMEN: La tasa de desempleo de una econom&#xED;a se considera el mejor indicador sint&#xE9;tico de lo que sucede en el mercado laboral.  Sin embargo, a pesar de sus ventajas, dicho indicador no arroja informaci&#xF3;n sobre muchos aspectos de lo que sucede en dicho mercado.  Una forma de aproximarse al entendimiento de esta din&#xE1;mica es investigando tanto la probabilidad de que una persona se encuentre desempleada, como la duraci&#xF3;n del desempleo y los factores que la determinan.  Estos son temas ampliamente estudiados en la literatura sobre econom&#xED;a laboral, pero que en el caso colombiano no han recibido la atenci&#xF3;n que ameritan.  Este art&#xED;culo se centra en la estimaci&#xF3;n de la duraci&#xF3;n del desempleo y la probabilidad de estar en desempleo para Colombia.  El objetivo fundamental es proporcionar informaci&#xF3;n detallada sobre las caracter&#xED;sticas de los procesos de b&#xFA;squeda de empleo y del desempleo en Colombia, incluyendo la estimaci&#xF3;n de la incidencia del desempleo.  Este trabajo busca proporcionar informaci&#xF3;n &#xFA;til para el desarrollo de pol&#xED;ticas de mercado laboral.</subfield>
  </datafield>
  <datafield tag="650" ind1=" " ind2="7">
    <subfield code="a">Mercado laboral </subfield>
    <subfield code="z">Colombia</subfield>
    <subfield code="2">lemb</subfield>
    <subfield code="9">94106</subfield>
  </datafield>
  <datafield tag="650" ind1=" " ind2=" ">
    <subfield code="a">Tasa de desempleo - Colombia</subfield>
    <subfield code="9">154364</subfield>
  </datafield>
  <datafield tag="650" ind1=" " ind2="7">
    <subfield code="a">Modelos econom&#xE9;tricos</subfield>
    <subfield code="2">Lemb</subfield>
    <subfield code="9">1013</subfield>
  </datafield>
  <datafield tag="700" ind1="1" ind2="0">
    <subfield code="a">Misas Arango, Martha</subfield>
    <subfield code="4">aut</subfield>
    <subfield code="e">aut</subfield>
    <subfield code="9">311527</subfield>
  </datafield>
  <datafield tag="700" ind1="1" ind2="0">
    <subfield code="a">Gaviria Jaramillo, Alejandro</subfield>
    <subfield code="4">aut</subfield>
    <subfield code="e">aut</subfield>
    <subfield code="9">619407</subfield>
  </datafield>
  <datafield tag="700" ind1="1" ind2="0">
    <subfield code="a">Contreras Eitner, Alfredo</subfield>
    <subfield code="4">aut</subfield>
    <subfield code="e">aut</subfield>
    <subfield code="9">670073</subfield>
  </datafield>
  <datafield tag="700" ind1="1" ind2="0">
    <subfield code="a">Contreras Eitner, Alfredo</subfield>
    <subfield code="4">aut</subfield>
    <subfield code="e">aut</subfield>
    <subfield code="9">670073</subfield>
  </datafield>
  <datafield tag="773" ind1="0" ind2=" ">
    <subfield code="t">IB. Informaci&#xF3;n B&#xE1;sica en Estad&#xED;stica (Bogot&#xE1;)</subfield>
    <subfield code="g">Vol&#xFA;men 03, N&#xFA;mero 01, Enero-Junio 2014, p. 5-28</subfield>
    <subfield code="w">1394182</subfield>
    <subfield code="x">2256-1552</subfield>
    <subfield code="0">699111</subfield>
  </datafield>
  <datafield tag="942" ind1=" " ind2=" ">
    <subfield code="c">ARIMP</subfield>
  </datafield>
  <datafield tag="999" ind1=" " ind2=" ">
    <subfield code="c">697722</subfield>
    <subfield code="d">697722</subfield>
  </datafield>
</record>
